Some combinatorial and algorithmic problems in many-valued logics /
Guardado en:
| Autor Principal: | |
|---|---|
| Formato: | Libro |
| Idioma: | English |
| Publicado: |
Novi Sad :
University of Novi Sad, Faculty of Science, Institute of Mathematics,
1987.
|
| Materias: | |
| Etiquetas: |
Agregar Etiqueta
Sin Etiquetas, Sea el primero en etiquetar este registro!
|
| LEADER | 00770nam a2200217 a 4500 | ||
|---|---|---|---|
| 001 | MAT.inmabb003968 | ||
| 008 | 881230s1987####yu#######b####000#0#eng## | ||
| 005 | 20130415164516.0 | ||
| 245 | 1 | 0 | |a Some combinatorial and algorithmic problems in many-valued logics / |c Ivan Stojmenovic. |
| 260 | |a Novi Sad : |b University of Novi Sad, Faculty of Science, Institute of Mathematics, |c 1987. | ||
| 300 | |a i, 150 p. ; |c 24 cm. | ||
| 504 | |a Incluye referencias bibliográficas. | ||
| 510 | 4 | |a MR, |c 89g:03034 | |
| 100 | 1 | |a Stojmenovic, Ivan. | |
| 650 | 0 | |a Many-valued logic. | |
| 650 | 0 | |a Algorithms. | |
| 650 | 0 | |a Combinatorial analysis. | |
| 084 | |a 03B50 (68R05 68W05 06E30 94C10) |2 msc2000 | ||
| 010 | |a 88171998 | ||
| 040 | |a DLC |c DLC |d DLC | ||
| 859 | |h 03 |i St873 |p A-6909 |b BIB. MATEMATICA | ||
